Statistiques concernant Jeux télévisés

Cliquez ici pour prendre le quiz!

Statistiques générales

  • Ce quiz a été pris 1 510 fois
  • Le résultat moyen est 7 sur 14

Statistiques - réponses

Titre original :Adaptation française :% Correct
Who wants to be a millionaire?Qui veut gagner des millions ?
91%
Wheel of fortuneLa roue de la fortune
87%
The price is rightLe juste prix
81%
Don't forget the lyrics !N'oubliez pas les paroles !
81%
Family feudUne famille en or
74%
The $10,000 pyramidPyramide
68%
1 vs 1001 contre 100
50%
Million Dollar PasswordMot de passe
44%
The dating gameTournez manège !
30%
The weakest linkLe Maillon Faible
27%
Love connectionLes Z'amours
24%
LingoMotus
14%
MiljoenenjachtÀ prendre ou à laisser
11%
Going for goldQuestions pour un champion
11%

Distribution des résultats

Percentile par nombre de réponses

% des personnes avec chaque résultat

Votre développement - résultats

Vous n’avez pas pris ce quiz